Ethics in Human Behavor in the Social Environment: (Record no. 4314)

000 -LEADER
fixed length control field 00439nam a22001457a 4500
008 - FIXED-LENGTH DATA ELEMENTS--GENERAL INFORMATION
fixed length control field 161003b xxu||||| |||| 00| 0 eng d
020 ## - INTERNATIONAL STANDARD BOOK NUMBER
International Standard Book Number 0-07-319407-7
082 ## - DEWEY DECIMAL CLASSIFICATION NUMBER
Classification number 170 GOT
100 ## - MAIN ENTRY--PERSONAL NAME
Personal name Gottfried, Kim Strom.-
245 ## - TITLE STATEMENT
Title Ethics in Human Behavor in the Social Environment:
Remainder of title A Primer/
Statement of responsibility, etc. Kim Strom-Gottfried.-
Medium English.
260 ## - PUBLICATION, DISTRIBUTION, ETC. (IMPRINT)
Place of publication, distribution, etc. Boston:
Name of publisher, distributor, etc. McGraw Hill,
Date of publication, distribution, etc. 2006.
300 ## - PHYSICAL DESCRIPTION
Extent 59p.;
Dimensions 23cm.-
650 ## - SUBJECT ADDED ENTRY--TOPICAL TERM
Source of heading or term Philosophy
942 ## - ADDED ENTRY ELEMENTS (KOHA)
Source of classification or shelving scheme
Koha item type BOOKS

No items available.

IRDP © 2019 :: Managed by IRDP ICT Unit